00281nam a2200109Ia 4500100001700000650001500017654004500032245004500077260002200122082001500144546001200159 aD Souza A C  aCarpentery aWorked Example In Mechanics Of Materials aWorked Example In Mechanics Of Materials bHiffe Brother Ltd a620.1bDso aENGLISH